000 00716nam a2200265Ia 4500
003 OSt
005 20220924114507.0
006 a|||||r|||| 00| 0
007 ta
008 220923b |||||||| |||| 00| 0 ara d
020 _a2745146661
020 _c1350.00
024 _a335998
037 _cTextual
040 _aARTS
_cARTS
_bara
041 _2ara
_aara
082 _aO28,1x:g, P4.1-.2
100 _aTarifi Muhammad Nabil Au.
_9173877
245 0 _aDiwan-al al us
260 _aBeirut
_bDar-al-kutub Lebanon
_c2004
300 _a383p.
_ccm.
650 _aARABIC POETRY
942 _hO28,1x:g, P4.1-.2
_cTEXL
_2CC
999 _c393850
_d393850